| 000 | 00626nam a2200205Ii 4500 | ||
|---|---|---|---|
| 003 | JO-AjNU | ||
| 008 | 230606s9999||||xx |||||||||||||| ||und|| | ||
| 020 | _a0-470-85004-3 | ||
| 040 |
_aJO-AjNU _beng _erda _cJO-AjNU |
||
| 041 | _aeng | ||
| 050 | 1 | 4 | _aGB1197.7.R87 2003 |
| 100 | 3 |
_aRushton, K.R, _eauthor _94845 |
|
| 245 | 0 | 0 | _aGroundwater Hydrology: Conceptual and Computational Models |
| 264 | 3 | 1 | _aEngland:John Wiley @ Sons, 2003 |
| 300 | _a415P | ||
| 336 |
_atext _btxt _2rdacontent |
||
| 337 |
_aunmediated _bn _2rdamedia |
||
| 338 |
_avolume _bnc _2rdacarrier |
||
| 650 | 4 |
_aWater- hydrologic-water conservation _94846 |
|
| 999 |
_aE2508 _c2506 _d2506 |
||